00000000nam##2200000za#4500
0019.676116
003CaOODSP
00520250403105554
007cr |||||||||||
008150407|1993||||xxc|||||o    f|0| 0 fre|d
040 |aCaOODSP|bfre
041 |aeng
041 |afre
043 |an-cn---
0861 |aCS93-339/1993-PDF
24500|aProfil des régions urbaines et rurales - partie A |h[ressource électronique]
2461 |iDeuxième titre de série imprimé sur la couverture : |aCanada, provinces et territoires
260 |aOttawa - Ontario : |bStatistique Canada |c1993.
500 |aPublication du recensement historique numérisé par Statistique Canada.
590 |a13-04-Supp|b2013-02-13
69107|aCommunauté rurale|2gcpds
69107|aCommunauté urbaine|2gcpds
69107|aDonnées du recensement|2gcpds
7102 |aStatistique Canada.
791 |tProfile of urban and rural areas - part A |eeng|w(CaOODSP)9.676115
85640|ahttp://publications.gc.ca|qPDF|s10.3 Mo|uhttps://publications.gc.ca/collections/collection_2013/statcan/rh-hc/CS93-339-1993.pdf